000 00621nam a2200205Ia 4500
001 9578
003 IVS
005 20250626030239.0
008 211022s9999 xx 000 0 und d
040 _cIVS
082 _a741.6 AHM
100 _aAhmed Shajee Aijazi
245 0 _aCan graphic design be used to motivate the people of Pakistan for a political revolution in the country?
260 _aKarachi
260 _bIndus Valley School of Art & Architecture
260 _c2009
300 _a44
856 _uhttps://drive.google.com/file/d/1T5fOf74QmYlJR1au_UyKq0irYlY3rAGS/view?usp=sharing
942 _cDISS
_n0
_2ddc
999 _c8797
_d8797